000 01054nam a2200301Ia 4500
001 Para_886
003 CHAP
008 220125s1994 xx 000 0 und d
010 _a199539
040 _cCHAP
090 _aPA TESIS 857
100 _aReyes Corona, Manuel
_996796
245 _aEfecto de los fertilizantes nitrogenados sobre Fusarium solani f.sp. Phaseoli Mart Appl y Wollenm y Rhizoctonia solani Khun en frijol (Paseolus vulgaris L.) en Chapingo, Méx. /
_c por Manuel Reyes Corona
260 _aChapingo, Méx. :
_b El autor
300 _a76 h.
502 _aTesis (Ing. Agr. Esp. en Parasitología Agrícola) -- UACh. Depto. Parasitología
650 _aFrijol
_x enfermedades
_943367
650 _aFusarium solani
_944097
650 _aRhizoctonia solani
_997134
710 _aUACh. Departamento Parasitología Agrícola
_9164025
901 _aPA TESIS 857
902 _aA
905 _a0000001994 0000000000 00
910 _a1994
942 _cPARA
942 _cPARA
_d1
999 _c199539
_d199539